| 000 | 00821nam a2200229 4500 | ||
|---|---|---|---|
| 001 | 4098 | ||
| 003 | BD-RjUL | ||
| 005 | 20211208233831.0 | ||
| 008 | 131221s1935 enka b 001 0 eng c | ||
| 035 |
_aOCLC ocm00300700 from D961017M _a(BD-RjUL)4132 |
||
| 040 |
_aYNG _cYNG _dTXA _dEQO _dBD-RjUL _beng |
||
| 041 | _aeng | ||
| 082 |
_221 _a331.137 _bUNE 1935 |
||
| 090 |
_aHD5706 _b.U6 |
||
| 245 | 0 | 0 |
_aUnemployment : _ban international problem; a report / _cby a study group of members of the Royal institute of international affairs. |
| 260 |
_aLondon : _bOxford university press, H. Milford, _c1935. |
||
| 300 |
_aviii, 496 p. : _bill. ; _c29 cm. |
||
| 504 | _aIncludes bibliographical references and index. | ||
| 650 | 0 |
_aUnemployment. _913019 |
|
| 710 | 2 |
_aRoyal Institute of International Affairs. _95859 |
|
| 942 |
_2ddc _cBK |
||
| 999 |
_c4098 _d4098 |
||